[Event "Russian Championship B17 1st league 2016"]
[Site "Loo"]
[Date "2016.04.24"]
[Round "5.29"]
[White "Kuzmichev, Artem"]
[Black "Murtazin, Rifat"]
[Result "1/2-1/2"]
[WhiteElo "1792"]
[BlackElo "1555"]
[PlyCount "130"]
[EventDate "2016.04.20"]

1. e4 c5 2. Nf3 d6 3. d4 cxd4 4. Nxd4 Nf6 5. Nc3 g6 6. f4 Nc6 7. Nf3 Bg4 8. h3
Bxf3 9. Qxf3 a6 10. a4 Bg7 11. Bd3 Nb4 12. O-O O-O 13. Qf2 Qc7 14. Kh1 e5 15.
Qh4 d5 16. exd5 Nfxd5 17. f5 Nxc3 18. Qxb4 Nd5 19. Qb3 Rad8 20. Be4 Nf6 21.
Qxb7 Qc5 22. Qc6 Rc8 23. Qxc5 Rxc5 24. Bd3 a5 25. Be3 Rc6 26. fxg6 hxg6 27. c3
Nd5 28. Bf2 f5 29. Bb5 Rcc8 30. Rad1 Nf4 31. Be3 Nh5 32. Bf2 e4 33. g4 Nf4 34.
Kh2 Be5 35. Bg3 fxg4 36. hxg4 Rc7 37. Rd7 Rxd7 38. Bxd7 Rf7 39. Bb5 Rh7+ 40.
Kg1 Ne2+ 41. Bxe2 Bxg3 42. Bc4+ Kg7 43. Rf7+ Kh8 44. Rf8+ Kg7 45. Rf7+ Kh8 46.
Rxh7+ Kxh7 47. b4 Be1 48. bxa5 Bxc3 49. a6 g5 50. Kf1 Bd4 51. Ke2 Kg7 52. Bd5
Kf6 53. Bxe4 Ke6 54. Kd3 Bf2 55. Bb7 Kd6 56. Ke4 Kc7 57. Bd5 Kb6 58. Bc4 Be1
59. Bb5 Bd2 60. Kd5 Bf4 61. Ke6 Be3 62. Kd7 Ka7 63. Kc8 Bd2 64. Bd3 Bc3 65. Kc7
Bd2 1/2-1/2

[Event "Russian Championship B17 1st league 2016"]
[Site "Loo"]
[Date "2016.04.24"]
[Round "5.30"]
[White "Kostin, Ilya"]
[Black "Revutskiy, Svyatoslav"]
[Result "0-1"]
[WhiteElo "1697"]
[BlackElo "1734"]
[PlyCount "112"]
[EventDate "2016.04.20"]

1. e4 c6 2. d4 d5 3. exd5 cxd5 4. c4 Nf6 5. Nc3 e6 6. Nf3 Be7 7. a3 a5 8. Rb1
O-O 9. c5 Ne4 10. Qc2 Nxc3 11. Qxc3 a4 12. Bf4 Nc6 13. Bb5 Bf6 14. O-O Qa5 15.
Bxc6 bxc6 16. Qxa5 Rxa5 17. b4 axb3 18. Rxb3 Ba6 19. Ra1 Bb5 20. Bg5 Bxg5 21.
Nxg5 Ra4 22. Rb4 Rfa8 23. Rxa4 Rxa4 24. Nf3 f6 25. g3 Be2 26. Kg2 Bxf3+ 27.
Kxf3 e5 28. dxe5 fxe5 29. Ke3 Kf7 30. Kd3 Ke6 31. Kc3 Rc4+ 32. Kb3 Rxc5 33. a4
Ra5 34. Kb4 Ra8 35. Kc5 Kd7 36. Ra2 Kc7 37. h3 Ra5+ 38. Kb4 Kb6 39. Ka3 c5 40.
Rb2+ Kc6 41. Rb8 d4 42. Rc8+ Kd5 43. Rc7 Kc4 44. Rxg7 d3 45. Kb2 Rxa4 46. Rg4+
Kb5 47. Rg7 Rd4 48. Kc1 d2+ 49. Kd1 c4 50. Rxh7 c3 51. Rb7+ Kc4 52. Rc7+ Kd3
53. f3 Ra4 54. Rd7+ Ke3 55. Kc2 Rd4 56. Rxd4 exd4 0-1

[Event "Russian Championship B17 1st league 2016"]
[Site "Loo"]
[Date "2016.04.24"]
[Round "5.31"]
[White "Zhuravlev, Stepan"]
[Black "Loskutov, Efrem"]
[Result "1-0"]
[WhiteElo "2046"]
[BlackElo "1673"]
[PlyCount "113"]
[EventDate "2016.04.20"]

1. d4 d5 2. c4 e6 3. Nc3 c6 4. e3 Nf6 5. Nf3 Nbd7 6. Bd3 Be7 7. O-O O-O 8. e4
dxe4 9. Nxe4 b6 10. Qc2 Bb7 11. Rd1 Nxe4 12. Bxe4 Nf6 13. Bd3 Qc7 14. c5 h6 15.
Bd2 Nd7 16. b4 b5 17. Qc3 Bf6 18. Bc2 Rfe8 19. Qd3 Nf8 20. Bc3 Rad8 21. Qe4 Rd7
22. h3 Red8 23. Nh2 Ng6 24. Nf3 Qf4 25. Qe2 Nh4 26. Rd3 Nf5 27. g3 Qc7 28. Rad1
Ne7 29. Qe4 Nd5 30. Bd2 Kf8 31. a3 Ke7 32. Bb3 Rg8 33. Nh2 h5 34. Qh7 g6 35.
Qxg8 Rd8 36. Qh7 Rh8 37. Qxh8 Bxh8 38. Bxd5 cxd5 39. Bf4 Qd8 40. Nf3 Bf6 41.
Be5 Bxe5 42. Nxe5 Qg8 43. c6 Bc8 44. Re3 Qd8 45. Rc1 Qc7 46. Rf3 f6 47. Nxg6+
Kd6 48. Nh4 Qb6 49. Rxf6 Ke7 50. Rf4 a5 51. Ng6+ Kd6 52. Ne5 axb4 53. axb4 Qa7
54. c7 Qa3 55. Rc6+ Ke7 56. Rf7+ Ke8 57. Rd6 1-0

[Event "Russian Championship B17 1st league 2016"]
[Site "Loo"]
[Date "2016.04.24"]
[Round "5.32"]
[White "Polozhentsev, Maksim"]
[Black "Shevelev, Alexandr"]
[Result "1-0"]
[WhiteElo "1829"]
[BlackElo "1668"]
[PlyCount "81"]
[EventDate "2016.04.20"]

1. d4 d5 2. c4 e6 3. Nc3 Nf6 4. Bg5 Be7 5. e3 O-O 6. Nf3 h6 7. Bxf6 Bxf6 8. Qc2
c6 9. O-O-O Nd7 10. h4 Qe7 11. g4 g6 12. cxd5 exd5 13. Bd3 Bg7 14. g5 h5 15.
Rde1 Nb6 16. e4 Qd6 17. e5 Qe6 18. Nd2 c5 19. Nb5 Qc6 20. Qxc5 Qxc5+ 21. dxc5
Nd7 22. Nc7 Rb8 23. Nxd5 Nxe5 24. Be4 Be6 25. Kc2 Rfe8 26. Nc7 Re7 27. Nxe6
Rxe6 28. Bd5 Ree8 29. f4 Nc6 30. Bxc6 bxc6 31. b3 Kf8 32. Ne4 Re7 33. Nd6 Bd4
34. Rxe7 Kxe7 35. Re1+ Kf8 36. b4 Rxb4 37. Re8+ Kg7 38. f5 gxf5 39. Nxf5+ Kh7
40. a3 Rb7 41. Nxd4 1-0

[Event "Russian Championship B17 1st league 2016"]
[Site "Loo"]
[Date "2016.04.24"]
[Round "5.33"]
[White "Slastikhin, Vladislav"]
[Black "Gavrik, Aleksandr"]
[Result "1/2-1/2"]
[WhiteElo "1658"]
[BlackElo "1736"]
[PlyCount "83"]
[EventDate "2016.04.20"]

1. d4 d5 2. c4 c6 3. e3 Nf6 4. Nc3 e6 5. Nf3 Bd6 6. Qc2 Nbd7 7. b3 O-O 8. Bd3
e5 9. dxe5 Nxe5 10. Nxe5 Bxe5 11. Bb2 d4 12. exd4 Bxd4 13. O-O-O g6 14. Kb1 Ng4
15. Ne4 Bxb2 16. Qxb2 f5 17. c5 Qe7 18. Nd6 Qf6 19. Bc4+ Kg7 20. Qe2 Ne5 21.
Rhe1 Nxc4 22. Nxc4 f4 23. Qe7+ Qxe7 24. Rxe7+ Rf7 25. Rxf7+ Kxf7 26. Nd6+ Kf8
27. Kb2 b6 28. Nxc8 Rxc8 29. Rd7 Re8 30. Rxa7 Re2+ 31. Kc3 bxc5 32. a4 Rxf2 33.
Rxh7 Rxg2 34. Rh3 g5 35. a5 Ra2 36. Rh5 Rxa5 37. Rxg5 Ra2 38. Rf5+ Ke7 39. Rxf4
Rxh2 40. Kc4 Rc2+ 41. Kd3 Rc1 42. Rh4 1/2-1/2

[Event "Russian Championship B17 1st league 2016"]
[Site "Loo"]
[Date "2016.04.24"]
[Round "5.34"]
[White "Sambyla, Subuday"]
[Black "Kulikov, Egor"]
[Result "1-0"]
[WhiteElo "1722"]
[BlackElo "1489"]
[PlyCount "65"]
[EventDate "2016.04.20"]

1. d4 d5 2. c4 e6 3. Nc3 Nf6 4. Nf3 Be7 5. Bf4 O-O 6. e3 b6 7. cxd5 exd5 8. Be2
Bb7 9. O-O Nbd7 10. Rc1 Nh5 11. Bg5 Bxg5 12. Nxg5 Qxg5 13. Bxh5 Nf6 14. Bf3
Rfd8 15. Re1 a6 16. a3 Bc8 17. Ne2 Ra7 18. Ng3 Rd6 19. Qb3 h5 20. e4 dxe4 21.
Nxe4 Nxe4 22. Bxe4 Rxd4 23. f4 Qd8 24. Bg6 Be6 25. Rxe6 fxe6 26. Qxe6+ Kh8 27.
Qe2 Qd5 28. f5 Rh4 29. g3 Qd4+ 30. Kf1 Rf4+ 31. gxf4 Qxf4+ 32. Kg2 Qxc1 33.
Qe8# 1-0

[Event "Russian Championship B17 1st league 2016"]
[Site "Loo"]
[Date "2016.04.24"]
[Round "5.35"]
[White "Malyshev, Kirill"]
[Black "Kavyev, Emil"]
[Result "0-1"]
[WhiteElo "1628"]
[BlackElo "1699"]
[PlyCount "110"]
[EventDate "2016.04.20"]

1. Nf3 Nf6 2. g3 d5 3. Bg2 Bg4 4. O-O Nc6 5. d4 Qd7 6. Ne5 Qc8 7. Nxc6 bxc6 8.
c4 Qd7 9. Nc3 Bh3 10. Bg5 Bxg2 11. Kxg2 h5 12. Bxf6 exf6 13. h4 g5 14. Rh1 Bb4
15. cxd5 Bxc3 16. bxc3 cxd5 17. e3 g4 18. Rb1 c6 19. Qa4 O-O 20. Rb2 Rab8 21.
Rhb1 Rxb2 22. Rxb2 Rc8 23. Qa6 Rc7 24. a4 Kg7 25. a5 Qe7 26. Qd3 Rb7 27. Rxb7
Qxb7 28. Qf5 Qe7 29. Qd3 Qe4+ 30. Qxe4 dxe4 31. Kf1 f5 32. c4 Kf6 33. Ke2 a6
34. c5 Ke6 35. Kd2 Kd7 36. Kc3 Ke7 37. Kc4 Ke6 38. d5+ cxd5+ 39. Kd4 f6 40. c6
Kd6 41. c7 Kxc7 42. Kc5 d4 43. Kxd4 Kd6 44. Kc4 Kc6 45. Kd4 Kb5 46. Kd5 Kxa5
47. Kc5 Ka4 48. Kc4 a5 49. Kc3 Kb5 50. Kb3 a4+ 51. Ka3 Ka5 52. Kb2 Kb4 53. Ka2
a3 54. Kb1 Kb3 55. Ka1 a2 0-1

[Event "Russian Championship B17 1st league 2016"]
[Site "Loo"]
[Date "2016.04.24"]
[Round "5.36"]
[White "Spiridonov, Vladislav"]
[Black "Pavlovskiy, Vladislav"]
[Result "1-0"]
[WhiteElo "1591"]
[BlackElo "1240"]
[PlyCount "43"]
[EventDate "2016.04.20"]

1. e4 e6 2. d4 b6 3. Bd3 Bb7 4. Nf3 d5 5. Qe2 Nf6 6. e5 Nfd7 7. Ng5 Be7 8. Qg4
g6 9. h4 c5 10. h5 c4 11. hxg6 cxd3 12. gxf7+ Kf8 13. Nxe6+ Kxf7 14. Nxd8+ Bxd8
15. e6+ Ke7 16. Bg5+ Kd6 17. exd7 dxc2 18. Bf4+ Ke7 19. Qg7+ Ke6 20. Rh6+ Kf5
21. Qe5+ Kg4 22. f3# 1-0

[Event "Russian Championship B17 1st league 2016"]
[Site "Loo"]
[Date "2016.04.24"]
[Round "5.37"]
[White "Novikov, Dmitry"]
[Black "Prorochenko, Nikita"]
[Result "0-1"]
[WhiteElo "1493"]
[BlackElo "1682"]
[PlyCount "108"]
[EventDate "2016.04.20"]

1. e4 c5 2. Nf3 Nc6 3. d4 cxd4 4. Nxd4 Nf6 5. Nc3 g6 6. Be3 Bg7 7. f3 O-O 8.
Qd2 d5 9. O-O-O Nxd4 10. Bxd4 dxe4 11. Nxe4 Nxe4 12. fxe4 e5 13. Be3 Bg4 14.
Be2 Qxd2+ 15. Rxd2 Bxe2 16. Rxe2 b6 17. h4 f5 18. g4 fxe4 19. h5 Rf3 20. hxg6
hxg6 21. Bh6 Bxh6+ 22. Rxh6 Kg7 23. g5 Rg3 24. Rxe4 Rxg5 25. Reh4 Rd8 26. b3
Rg1+ 27. Kb2 Kf6 28. Rh7 a5 29. Rb7 Rd6 30. b4 Kg5 31. Rc4 Rg4 32. Rxg4+ Kxg4
33. bxa5 bxa5 34. Rb5 e4 35. Re5 Kf3 36. Re8 e3 37. Rf8+ Ke4 38. Re8+ Kd4 39.
Kc1 Rf6 40. Rd8+ Ke4 41. Re8+ Kf3 42. Kd1 g5 43. c4 Kf2 44. c5 g4 45. c6 Rd6+
46. Kc2 Rxc6+ 47. Kd3 Rd6+ 48. Kc2 g3 49. Rf8+ Kg1 50. Re8 g2 51. Rxe3 Kf2 52.
Re8 g1=Q 53. Rf8+ Ke3 54. Re8+ Kd4 0-1

[Event "Russian Championship B17 1st league 2016"]
[Site "Loo"]
[Date "2016.04.24"]
[Round "5.38"]
[White "Vasiliev, Semen B"]
[Black "Tsurtsumiya, Ruslan"]
[Result "1/2-1/2"]
[WhiteElo "1434"]
[BlackElo "1549"]
[PlyCount "81"]
[EventDate "2016.04.20"]

1. d4 Nf6 2. Nf3 g6 3. Bf4 Bg7 4. c4 c5 5. e3 O-O 6. Nc3 cxd4 7. Nxd4 d6 8. Bg3
Nc6 9. Be2 a6 10. O-O Bd7 11. Bf3 Rc8 12. b3 e5 13. Nxc6 Bxc6 14. Rc1 e4 15.
Be2 d5 16. cxd5 Bxd5 17. Nxd5 Qxd5 18. Bc4 Qa5 19. Rc2 Qf5 20. Rd2 b5 21. Be2
Rc6 22. h3 Qe6 23. Rd6 Rxd6 24. Qxd6 Qxd6 25. Bxd6 Rc8 26. a4 bxa4 27. bxa4 Rc2
28. Bd1 Rc6 29. Be5 Nd5 30. Bxg7 Kxg7 31. Bb3 Nb4 32. Ra1 a5 33. Kf1 Rc3 34.
Bd1 Kf6 35. Ke2 Rd3 36. Kf1 Rc3 37. Ke1 Ke5 38. Kd2 Rd3+ 39. Ke2 Rc3 40. Kd2
Rd3+ 41. Ke2 1/2-1/2

[Event "Russian Championship B17 2016"]
[Site "Loo"]
[Date "2016.04.24"]
[Round "5.1"]
[White "Galaktionov, Artem"]
[Black "Abelguzin, Dinar"]
[Result "1-0"]
[WhiteElo "2208"]
[BlackElo "2397"]
[PlyCount "61"]
[EventDate "2016.04.20"]

1. d4 Nf6 2. Nf3 g6 3. c4 Bg7 4. Nc3 O-O 5. e4 d6 6. Be2 e5 7. Be3 Nc6 8. d5
Ne7 9. Nd2 Nd7 10. f3 f5 11. b4 f4 12. Bf2 g5 13. c5 Nf6 14. Nc4 Ng6 15. cxd6
cxd6 16. Nb5 Ne8 17. Nxa7 g4 18. Nb5 g3 19. Bb6 Qd7 20. a4 Nh4 21. Bf1 Bf6 22.
Rc1 Ra6 23. Ba7 Qg7 24. hxg3 Rxa7 25. Nxa7 Qxg3+ 26. Ke2 Bg4 27. Nd2 Nxg2 28.
Bxg2 Qxg2+ 29. Kd3 Kh8 30. fxg4 f3 31. Qxf3 1-0

[Event "Russian Championship B17 2016"]
[Site "Loo"]
[Date "2016.04.24"]
[Round "5.2"]
[White "Sarana, Alexey"]
[Black "Gaifullin, Artur"]
[Result "1/2-1/2"]
[WhiteElo "2422"]
[BlackElo "2306"]
[PlyCount "76"]
[EventDate "2016.04.20"]

1. d4 d5 2. Nf3 Nf6 3. c4 e6 4. Nc3 Bb4 5. Bg5 h6 6. Bxf6 Qxf6 7. e3 O-O 8. Rc1
c6 9. a3 Bxc3+ 10. Rxc3 Nd7 11. cxd5 exd5 12. Bd3 Nb6 13. Ne5 Bf5 14. Qf3 Be4
15. Bxe4 dxe4 16. Qxe4 Qe6 17. Qf3 Na4 18. Rc2 c5 19. O-O Qb3 20. Rfc1 Rfe8 21.
Nc4 cxd4 22. Nd2 Qd3 23. exd4 Qxd4 24. Rc7 Rf8 25. b3 Qxd2 26. bxa4 Rad8 27. g3
Rd7 28. Kg2 b6 29. Qb7 Rfd8 30. Rxd7 Qxd7 31. Rc7 Qf5 32. Qf3 Qxf3+ 33. Kxf3 a5
34. Ke3 Rd6 35. h4 h5 36. Re7 Rd1 37. Rc7 Rd6 38. Re7 Rd1 1/2-1/2

[Event "Russian Championship B17 2016"]
[Site "Loo"]
[Date "2016.04.24"]
[Round "5.3"]
[White "Triapishko, Olexandr"]
[Black "Obgolts, Erik"]
[Result "1-0"]
[WhiteElo "2474"]
[BlackElo "2172"]
[PlyCount "79"]
[EventDate "2016.04.20"]

1. e4 g6 2. d4 Bg7 3. Nc3 c6 4. f4 d5 5. e5 Nh6 6. Nf3 O-O 7. h3 f6 8. Bd3 fxe5
9. fxe5 Nf5 10. O-O Qb6 11. Na4 Qc7 12. Bf4 Nxd4 13. Nxd4 Rxf4 14. Rxf4 Bxe5
15. Rg4 Bxg4 16. Qxg4 Bxd4+ 17. Qxd4 e5 18. Qg4 Qd7 19. Be2 Qxg4 20. Bxg4 Na6
21. a3 Re8 22. Rd1 h5 23. Be2 Nc7 24. c4 d4 25. Nc5 b6 26. Ne4 Kg7 27. b4 Ne6
28. h4 c5 29. g3 Ra8 30. Rb1 cxb4 31. Rxb4 Rc8 32. Rb5 Nc5 33. Nxc5 bxc5 34.
Bd3 Re8 35. Be4 Rd8 36. Rxc5 d3 37. Rd5 Rxd5 38. cxd5 d2 39. Bc2 Kf6 40. Kf2
1-0

[Event "Russian Championship B17 2016"]
[Site "Loo"]
[Date "2016.04.24"]
[Round "5.4"]
[White "Mestnikov, Aital"]
[Black "Sorokin, Aleksey"]
[Result "0-1"]
[WhiteElo "2063"]
[BlackElo "2385"]
[PlyCount "70"]
[EventDate "2016.04.20"]

1. e4 c5 2. Nf3 d6 3. Bb5+ Nd7 4. c4 Ngf6 5. Nc3 a6 6. Ba4 g6 7. d4 cxd4 8.
Nxd4 Bg7 9. O-O O-O 10. Bxd7 Bxd7 11. f3 Rc8 12. Be3 Rxc4 13. Qb3 Qc7 14. Rac1
Rc8 15. Nde2 b5 16. Nf4 Qb7 17. a4 Bh6 18. Kh1 Bxf4 19. Bxf4 Be6 20. Qd1 bxa4
21. Qd2 Nd7 22. Ne2 Nc5 23. Rxc4 Bxc4 24. e5 Nb3 25. Qe3 Bxe2 26. Qxe2 dxe5 27.
Qxe5 Qb5 28. Re1 Qxe5 29. Rxe5 Rc4 30. Bh6 e6 31. Re2 Rh4 32. Be3 Rc4 33. Bh6
Nd4 34. Re4 f6 35. h4 Kf7 0-1

[Event "Russian Championship B17 2016"]
[Site "Loo"]
[Date "2016.04.24"]
[Round "5.5"]
[White "Fakhrutdinov, Timur"]
[Black "Elistratov, Semen"]
[Result "0-1"]
[WhiteElo "2290"]
[BlackElo "2329"]
[PlyCount "174"]
[EventDate "2016.04.20"]

1. e4 c5 2. Nf3 d6 3. d4 cxd4 4. Nxd4 Nf6 5. Nc3 a6 6. Be2 e5 7. Nb3 Be7 8. O-O
O-O 9. Kh1 Nc6 10. f4 b5 11. a4 b4 12. Nd5 exf4 13. Bxf4 Nxd5 14. Qxd5 Qc7 15.
Rad1 Be6 16. Qd2 Rfd8 17. Nc5 Qc8 18. Nxe6 fxe6 19. Bc4 Ne5 20. Ba2 Rb8 21. Qe2
b3 22. cxb3 Nc6 23. Qg4 Kh8 24. b4 e5 25. Be6 Qb7 26. Bd2 Rf8 27. Bd5 Qc7 28.
h3 Nd4 29. Rc1 Qd8 30. Kh2 Bf6 31. b3 Qe7 32. Rc3 Qe8 33. Rc7 h5 34. Qg3 Ne2
35. Qf3 Nd4 36. Qg3 Ne2 37. Qd3 Nf4 38. Bxf4 exf4 39. Kh1 Be5 40. Rc4 Qg6 41.
Qf3 Qh6 42. Rfc1 g5 43. Kg1 Rbe8 44. Kf1 Qg6 45. Ke2 Bg7 46. Rc7 Re5 47. Rc8
Rxc8 48. Rxc8+ Kh7 49. Rc7 Qh6 50. Kd3 g4 51. hxg4 hxg4 52. Qf2 Qg6 53. Kd2 Qg5
54. Kc2 Qg6 55. Kc1 Qh6 56. Kb1 Rh5 57. Rc1 Qf6 58. Ka2 Qe5 59. b5 axb5 60. a5
f3 61. g3 Qd4 62. Qxd4 Bxd4 63. Ka3 Bc5+ 64. b4 Be3 65. Rd1 f2 66. Bc6 Rh3 67.
Bxb5 Rxg3 68. Be2 Rg1 69. Rd3 g3 70. Rxe3 g2 71. Rh3+ Kg6 72. Rg3+ Kf6 73. Rxg2
Rxg2 74. a6 Rg1 75. Kb2 Ke7 76. a7 Rg8 77. Kc3 Rg3+ 78. Kb2 Rg8 79. Kc3 Ra8 80.
Kd4 Rxa7 81. Ke3 Kf6 82. Kxf2 Ke5 83. Ke3 Ra4 84. Bc4 Rxb4 85. Bd5 Ra4 86. Kd2
Rxe4 87. Bxe4 Kxe4 0-1

[Event "Russian Championship B17 2016"]
[Site "Loo"]
[Date "2016.04.24"]
[Round "5.6"]
[White "Bilan, Danila"]
[Black "Malyshev, Grigory"]
[Result "0-1"]
[WhiteElo "2244"]
[BlackElo "2315"]
[PlyCount "76"]
[EventDate "2016.04.20"]

1. d4 Nf6 2. c4 e6 3. Nf3 Bb4+ 4. Bd2 c5 5. Bxb4 cxb4 6. g3 a5 7. Bg2 O-O 8.
Nbd2 d6 9. O-O Qe7 10. e4 Nfd7 11. e5 dxe5 12. Nxe5 Nxe5 13. dxe5 Qc7 14. Qe2
Bd7 15. f4 Bc6 16. Bxc6 Nxc6 17. Ne4 Rad8 18. Nd6 Nd4 19. Qf2 Nf5 20. c5 Ne7
21. Rac1 Nd5 22. Qd4 Qc6 23. f5 exf5 24. Rxf5 Nc7 25. Rf2 Ne6 26. Qc4 b5 27.
Qg4 Qd5 28. Rcf1 Qxc5 29. Nxf7 Rde8 30. Kg2 Qd5+ 31. Kh3 Rxf7 32. Rxf7 h6 33.
Rd1 Ng5+ 34. Qxg5 Qxf7 35. Qg4 Rxe5 36. Kg2 Kh7 37. Qd4 Re2+ 38. Kg1 Qf3 0-1

[Event "Russian Championship B17 2016"]
[Site "Loo"]
[Date "2016.04.24"]
[Round "5.7"]
[White "Klukin, Kirill"]
[Black "Lobanov, Sergei"]
[Result "1/2-1/2"]
[WhiteElo "2259"]
[BlackElo "2457"]
[PlyCount "76"]
[EventDate "2016.04.20"]

1. d4 Nf6 2. Nf3 e6 3. e3 b6 4. b3 Bb7 5. Bb2 Be7 6. Bd3 O-O 7. O-O c5 8. c4 d5
9. Qe2 Nbd7 10. Nc3 Ne4 11. Rfd1 cxd4 12. Nxd4 Nxc3 13. Bxc3 Rc8 14. Bb2 Nf6
15. Rac1 Bc5 16. Nf3 Qe7 17. Ne5 Ba3 18. cxd5 Nxd5 19. Bc4 Bxb2 20. Qxb2 Rfd8
21. Rd2 f6 22. Bxd5 Rxc1+ 23. Qxc1 Bxd5 24. Nd3 Bb7 25. Nf4 Rxd2 26. Qxd2 e5
27. Ne2 Bc6 28. f3 Kf7 29. Kf2 Qd7 30. Qxd7+ Bxd7 31. b4 Be6 32. Nc3 Bc4 33. e4
Ke6 34. Ke3 Kd6 35. Kd2 Kc6 36. Ke3 Kd6 37. Kd2 Ke6 38. Ke3 Kd6 1/2-1/2

[Event "Russian Championship B17 2016"]
[Site "Loo"]
[Date "2016.04.24"]
[Round "5.8"]
[White "Bykov, Oleg"]
[Black "Borisovsky, Dmitry"]
[Result "1/2-1/2"]
[WhiteElo "2389"]
[BlackElo "2281"]
[PlyCount "107"]
[EventDate "2016.04.20"]

1. Nf3 Nf6 2. c4 g6 3. d4 Bg7 4. Nc3 d5 5. e3 O-O 6. Be2 dxc4 7. Bxc4 c5 8. O-O
cxd4 9. Nxd4 Bd7 10. Qb3 Nc6 11. Nxc6 Bxc6 12. f3 Rc8 13. Be2 Nd7 14. Qb4 e6
15. Bd2 a5 16. Qa3 Qb6 17. Nd1 a4 18. Qb4 Qa7 19. Rc1 Rfd8 20. Qa5 Qb8 21. Bc3
Bf8 22. Qg5 b5 23. a3 h6 24. Qh4 Bg7 25. Bxg7 Kxg7 26. Nc3 Qb6 27. Kf2 Ne5 28.
Rfd1 Nc4 29. Bxc4 bxc4 30. Rxd8 Rxd8 31. Rc2 Rd3 32. Re2 Qc5 33. Na2 Rd1 34.
Nc3 Rd3 35. Nb1 Rd1 36. Nc3 Rd3 37. h3 e5 38. Ne4 Bxe4 39. Qxe4 Rb3 40. Rc2 f5
41. Rxc4 Rxb2+ 42. Kg3 Qe7 43. Qh4 Qxh4+ 44. Rxh4 Rb3 45. Rxa4 Rxe3 46. Ra7+
Kf6 47. a4 Ra3 48. Kf2 Ra2+ 49. Kf1 e4 50. fxe4 fxe4 51. a5 e3 52. Ra8 Kg7 53.
Re8 Rxa5 54. Rxe3 1/2-1/2

[Event "Russian Championship B17 2016"]
[Site "Loo"]
[Date "2016.04.24"]
[Round "5.9"]
[White "Askerov, Marat"]
[Black "Komov, Roman"]
[Result "1-0"]
[WhiteElo "2375"]
[BlackElo "2258"]
[PlyCount "75"]
[EventDate "2016.04.20"]

1. d4 d6 2. c4 g6 3. Nf3 Bg7 4. Nc3 e5 5. dxe5 dxe5 6. Qxd8+ Kxd8 7. Bd2 c6 8.
O-O-O Kc7 9. e4 f6 10. c5 Be6 11. Be3 Nd7 12. Nd2 Bf8 13. b4 b6 14. cxb6+ axb6
15. b5 Ra3 16. Kb2 Ra8 17. bxc6 Nc5 18. f4 Ne7 19. fxe5 fxe5 20. Nf3 Na4+ 21.
Nxa4 Rxa4 22. Ng5 Bg4 23. Rc1 h6 24. Nf7 Rh7 25. Nxe5 Be6 26. Bc4 Bg7 27. Bxe6
Bxe5+ 28. Kb3 Rxe4 29. Rhe1 Bd4 30. Bxd4 Rxd4 31. Bd7 Rd6 32. Re6 Rxe6 33. Bxe6
Kd6 34. Bd7 Rf7 35. Be8 Rf8 36. Rd1+ Ke5 37. c7 Rxe8 38. Rd8 1-0

[Event "Russian Championship B17 2016"]
[Site "Loo"]
[Date "2016.04.24"]
[Round "5.10"]
[White "Abramov, Nikita"]
[Black "Afanasiev, Nikita"]
[Result "0-1"]
[WhiteElo "2255"]
[BlackElo "2349"]
[PlyCount "68"]
[EventDate "2016.04.20"]

1. e4 Nf6 2. e5 Nd5 3. d4 d6 4. c4 Nb6 5. exd6 cxd6 6. Nc3 g6 7. Be3 Bg7 8. Rc1
O-O 9. b3 N6d7 10. d5 Qa5 11. Qd2 a6 12. Na4 Qxd2+ 13. Kxd2 e6 14. dxe6 fxe6
15. Nf3 Nc6 16. Be2 d5 17. cxd5 exd5 18. Rhd1 d4 19. Bg5 Rb8 20. Ke1 Nde5 21.
Nxe5 Bxe5 22. h4 Kg7 23. Nc5 Bd6 24. Bf3 h6 25. Bd2 Ne5 26. Be4 b6 27. Nd3 Bb7
28. Nxe5 Bxe4 29. Nd7 Rfe8 30. Nxb8 Bd3+ 31. Be3 Bb4+ 32. Rd2 dxe3 33. Rc7+ Kf8
34. fxe3 Rxb8 0-1

[Event "Russian Championship B17 2016"]
[Site "Loo"]
[Date "2016.04.24"]
[Round "5.11"]
[White "Grigorjev, Iljya"]
[Black "Neznanov, Aleksandr"]
[Result "1-0"]
[WhiteElo "2297"]
[BlackElo "2085"]
[PlyCount "63"]
[EventDate "2016.04.20"]

1. e4 c5 2. Nf3 e6 3. d4 cxd4 4. Nxd4 Nf6 5. Nc3 d6 6. Be3 a6 7. f3 Nc6 8. Qd2
Be7 9. g4 O-O 10. O-O-O Qc7 11. Kb1 Ne5 12. g5 Nfd7 13. f4 Nc4 14. Bxc4 Qxc4
15. f5 Ne5 16. f6 gxf6 17. gxf6 Bxf6 18. Bh6 Re8 19. Qf2 Bg7 20. Rhg1 Ng6 21.
Bxg7 Kxg7 22. h4 Kf8 23. h5 Ne5 24. Qf6 Nd7 25. Qh6+ Ke7 26. Nd5+ exd5 27. Nf5+
Kd8 28. Nxd6 Qc6 29. exd5 Qc5 30. Nxe8 Kxe8 31. Rg8+ Nf8 32. d6 1-0

[Event "Russian Championship B17 2016"]
[Site "Loo"]
[Date "2016.04.24"]
[Round "5.12"]
[White "Zhitnikov, Konstantin"]
[Black "Yashmetov, Mikhail"]
[Result "1-0"]
[WhiteElo "2288"]
[BlackElo "2212"]
[PlyCount "99"]
[EventDate "2016.04.20"]

1. e4 c5 2. Nf3 Nc6 3. d4 cxd4 4. Nxd4 Qb6 5. Nb3 Nf6 6. Bd3 e6 7. O-O Be7 8.
c4 a6 9. Nc3 Ne5 10. Qe2 Nxd3 11. Qxd3 d6 12. Bf4 e5 13. Be3 Qc6 14. Nd5 Nxd5
15. cxd5 Qa4 16. Rfc1 O-O 17. Rc4 Qe8 18. Rc2 Bd8 19. Rac1 Bd7 20. Nd2 f5 21.
f3 f4 22. Bf2 b5 23. b4 g5 24. Nb3 Qg6 25. Na5 g4 26. Kf1 g3 27. hxg3 fxg3 28.
Be3 Bxa5 29. bxa5 b4 30. Rc6 Bxc6 31. dxc6 Qe6 32. Qc4 Kf7 33. Qxb4 Rab8 34.
Bb6 Qxa2 35. c7 Qf2+ 36. Bxf2 Rxb4 37. c8=Q Rxc8 38. Rxc8 gxf2 39. Rc6 Ra4 40.
Rxa6 Ra2 41. Rxd6 Rxa5 42. Kxf2 Ra2+ 43. Kg3 Rb2 44. Rh6 Kg7 45. Re6 Rb5 46.
Kg4 Kf7 47. Ra6 Rb2 48. g3 Rb3 49. Rh6 Kg7 50. Rh5 1-0

[Event "Russian Championship B17 2016"]
[Site "Loo"]
[Date "2016.04.24"]
[Round "5.13"]
[White "Sin, Denis"]
[Black "Bezotechestvo, Konstantin"]
[Result "1/2-1/2"]
[WhiteElo "2298"]
[BlackElo "2064"]
[PlyCount "110"]
[EventDate "2016.04.20"]

1. d4 d5 2. c4 c6 3. Nf3 Nf6 4. e3 e6 5. Nbd2 Nbd7 6. Bd3 Bd6 7. O-O O-O 8. e4
e5 9. Re1 dxe4 10. Nxe4 Nxe4 11. Bxe4 f5 12. Bc2 e4 13. c5 Be7 14. Nd2 Nf6 15.
Bb3+ Nd5 16. Nf1 Bf6 17. Bf4 Be6 18. Bd6 Re8 19. Ne3 Qd7 20. f4 Nxe3 21. Rxe3
Qf7 22. Bc2 Rad8 23. Qd2 Bc4 24. Rd1 b5 25. b3 Be6 26. a4 a6 27. Kh1 Rd7 28.
Qa5 Bd8 29. Qc3 Bc7 30. Bxc7 Rxc7 31. Qa5 Ra7 32. g3 Qc7 33. Qc3 Qd8 34. Kg1
Bd5 35. Rd2 h6 36. a5 Rd7 37. b4 Qf6 38. Re1 Kh7 39. Bd1 Bc4 40. Bc2 Rd5 41.
Qe3 Red8 42. Red1 R5d7 43. g4 g6 44. h3 Qh4 45. Rg2 Qf6 46. Rgd2 Bd5 47. Rg2
Be6 48. Rgd2 fxg4 49. Bxe4 Bf5 50. hxg4 Bxg4 51. Re1 Bf5 52. Bg2 Rg8 53. d5
cxd5 54. Rxd5 Rxd5 55. Bxd5 Rg7 1/2-1/2

[Event "Russian Championship B17 2016"]
[Site "Loo"]
[Date "2016.04.24"]
[Round "5.14"]
[White "Smirnov, Timofey"]
[Black "Trubchaninov, Timur"]
[Result "1/2-1/2"]
[WhiteElo "2303"]
[BlackElo "2194"]
[PlyCount "154"]
[EventDate "2016.04.20"]

1. e4 c5 2. Nf3 d6 3. d4 Nf6 4. Nc3 cxd4 5. Nxd4 Nc6 6. Bg5 e6 7. Qd2 a6 8.
O-O-O Bd7 9. f4 Be7 10. Nf3 b5 11. Bd3 b4 12. Ne2 Qa5 13. Kb1 Qc5 14. Rhe1 h6
15. Bh4 O-O 16. Ng3 Ng4 17. Bxe7 Nxe7 18. Bf1 d5 19. e5 Ba4 20. b3 Bb5 21. Qd4
Qxd4 22. Rxd4 Bxf1 23. Nxf1 Nc6 24. Rd2 h5 25. h3 Nh6 26. Ne3 f6 27. exf6 Rxf6
28. g3 Nf7 29. Nd1 Rg6 30. Rg2 Nd6 31. Ng5 Nd4 32. Nf2 Rc8 33. Nd3 N6b5 34.
Nxb4 a5 35. Nd3 a4 36. Ne5 Rf6 37. Nd7 Rf5 38. Nb6 Nc3+ 39. Kb2 Rc6 40. Nd7 a3+
41. Kxa3 Ne4 42. Nxe4 Rxc2 43. Rxc2 Nxc2+ 44. Kb2 Nxe1 45. Nd6 Rf8 46. Nxf8
Kxf8 47. a4 Ke7 48. Nb5 Kd7 49. Kc3 h4 50. Kd2 Ng2 51. Nd4 hxg3 52. Ne2 Kc6 53.
b4 Kb6 54. Kc3 Kc6 55. Kd4 Kd6 56. Kc3 Kc6 57. a5 Kb5 58. Kd2 Ka6 59. Kc3 Kb5
60. Kb3 Ne1 61. Nxg3 Nd3 62. Ne2 Nxb4 63. Nd4+ Kxa5 64. Nxe6 g6 65. Nf8 Nd3 66.
Nxg6 Nf2 67. h4 Kb5 68. h5 Ng4 69. Ne7 Nf6 70. h6 Kc5 71. Ng8 Nh7 72. Kc3 Kd6
73. f5 Ke5 74. f6 Nxf6 75. Nxf6 Kxf6 76. Kd4 Kg6 77. Kxd5 Kxh6 1/2-1/2